|
|
|
|
| LEADER |
00000cam a2200000 7i4500 |
| 001 |
0000048545 |
| 005 |
20121214.0 |
| 008 |
110708 bm |
| 020 |
|
|
|a 9831241347
|
| 090 |
0 |
0 |
|a F AIN
|
| 100 |
1 |
|
|a Aina Emir
|
| 245 |
1 |
0 |
|a Sesuci Cinta
|c Aina Emir
|
| 260 |
|
|
|a Selangor Darul Ehsan :
|b Alaf 21 Sdn.Bhd. ,
|c 2004
|
| 300 |
|
|
|a 477p. ;
|c 18cm.
|
| 650 |
0 |
0 |
|a Fiction
|x Bahasa Malaysia
|
| 999 |
|
|
|a 235983
|b Buku
|c Rak Terbuka
|e Perbadanan Perpustakaan Awam Melaka
|
| 999 |
|
|
|a 235984
|b Buku
|c Rak Terbuka
|e Perbadanan Perpustakaan Awam Melaka
|
| 999 |
|
|
|a 269195
|b Buku
|c Rak Terbuka
|e Perbadanan Perpustakaan Awam Melaka
|
| 999 |
|
|
|a 289299
|b Buku
|c Rak Terbuka
|e PK Melaka Mall
|
| 999 |
|
|
|a 289300
|b Buku
|c Rak Terbuka
|e Perbadanan Perpustakaan Awam Melaka
|